[Event "23. Torneo San Viator"]
[Site "Madrid ESP"]
[Date "2014.10.12"]
[Round "3.36"]
[White "Fernandez Rodriguez, Alberto"]
[Black "Del Noval Nemeshazi, Nesztor"]
[Result "0-1"]
[WhiteElo "1417"]
[BlackElo "1686"]
[PlyCount "46"]
[EventDate "2014.09.28"]
[EventType "swiss"]
[EventRounds "9"]
[EventCountry "ESP"]
[SourceTitle "Ajedrez en Madrid"]
[Source "lmi"]
[SourceDate "2014.09.28"]
[SourceVersion "1"]
[SourceVersionDate "2014.12.18"]
[SourceQuality "1"]

1. e4 c5 2. Nf3 d6 3. d4 cxd4 4. Nxd4 Nf6 5. Nc3 a6 6. f3 e6 7. Be3 Be7 8. Qd2
O-O 9. O-O-O Bd7 10. g4 Nc6 11. h4 b5 12. h5 Qa5 13. Nb3 Qc7 14. g5 Ne8 15. g6
b4 16. gxh7+ Kh8 17. Nb1 a5 18. Bd3 Bf6 19. Bg5 a4 20. Bxf6 axb3 21. Bxg7+ Nxg7
22. axb3 Nd4 23. Qg2 Nxb3# 0-1

[Event "23. Torneo San Viator"]
[Site "Madrid ESP"]
[Date "2014.10.12"]
[Round "3.37"]
[White "Jimenez Perez, Federico"]
[Black "San Felipe Asis, Raquel"]
[Result "0-1"]
[WhiteElo "1334"]
[BlackElo "1660"]
[PlyCount "50"]
[EventDate "2014.09.28"]
[EventType "swiss"]
[EventRounds "9"]
[EventCountry "ESP"]
[SourceTitle "Ajedrez en Madrid"]
[Source "lmi"]
[SourceDate "2014.09.28"]
[SourceVersion "1"]
[SourceVersionDate "2014.12.18"]
[SourceQuality "1"]

1. e4 d5 2. Nf3 dxe4 3. Ng5 Nf6 4. Bc4 e6 5. d3 exd3 6. cxd3 Bb4+ 7. Nc3 Nc6 8.
O-O Ne5 9. Qa4+ Nc6 10. Bb5 O-O 11. Bxc6 Bxc3 12. Be4 Be5 13. g3 h6 14. Nf3 Bd6
15. Re1 Bd7 16. Qc2 Nxe4 17. Rxe4 Bc6 18. Re3 Qf6 19. Qe2 Bc5 20. d4 Bxd4 21.
Nxd4 Qxd4 22. Re5 Rfd8 23. h4 Qd1+ 24. Qf1 Qf3 25. Kh2 Rd1 0-1

[Event "23. Torneo San Viator"]
[Site "Madrid ESP"]
[Date "2014.10.12"]
[Round "3.40"]
[White "Manso Santamaria, Juan Carlos"]
[Black "Padin Lazaro, Jose Manuel"]
[Result "0-1"]
[WhiteElo "1647"]
[BlackElo "1922"]
[PlyCount "96"]
[EventDate "2014.09.28"]
[EventType "swiss"]
[EventRounds "9"]
[EventCountry "ESP"]
[SourceTitle "Ajedrez en Madrid"]
[Source "lmi"]
[SourceDate "2014.09.28"]
[SourceVersion "1"]
[SourceVersionDate "2014.12.18"]
[SourceQuality "1"]

1. f4 d5 2. Nf3 g6 3. e3 Bg7 4. Nc3 c5 5. Ne5 a6 6. Qf3 e6 7. d4 cxd4 8. exd4
Nc6 9. Be3 Nh6 10. g4 Qh4+ 11. Bf2 Nxe5 12. fxe5 Qxg4 13. Qd3 Qg5 14. h4 Qe7
15. Be2 Bd7 16. h5 O-O-O 17. Qd2 Nf5 18. b4 Bh6 19. Qd3 Qxb4 20. Rb1 Qa5 21.
O-O Bc6 22. Be1 Be3+ 23. Kg2 Bxd4 24. Rxf5 Bxc3 25. Bxc3 d4+ 26. Bf3 Qxc3 27.
Rxf7 Qxd3 28. cxd3 Bxf3+ 29. Kxf3 Rd7 30. Rxd7 Kxd7 31. Rxb7+ Kc6 32. Ra7 Kd5
33. Rxa6 Rf8+ 34. Ke2 Kxe5 35. Ra5+ Kf4 36. hxg6 hxg6 37. a4 g5 38. Ra6 e5 39.
a5 g4 40. Rg6 Rc8 41. a6 Rc2+ 42. Ke1 Ra2 43. Rf6+ Ke3 44. Kf1 Kxd3 45. Rg6 e4
46. Rxg4 Rxa6 47. Rg3+ e3 48. Rg2 Ra1# 0-1

[Event "23. Torneo San Viator"]
[Site "Madrid ESP"]
[Date "2014.10.12"]
[Round "3.41"]
[White "Alonso Pardo, Daniel"]
[Black "Marcos Herrero, Francisco"]
[Result "0-1"]
[WhiteElo "1630"]
[BlackElo "1918"]
[PlyCount "74"]
[EventDate "2014.09.28"]
[EventType "swiss"]
[EventRounds "9"]
[EventCountry "ESP"]
[SourceTitle "Ajedrez en Madrid"]
[Source "lmi"]
[SourceDate "2014.09.28"]
[SourceVersion "1"]
[SourceVersionDate "2014.12.18"]
[SourceQuality "1"]

1. e4 c5 2. Nf3 Nc6 3. d4 cxd4 4. Nxd4 g6 5. Nxc6 bxc6 6. Qd4 Nf6 7. e5 Nd5 8.
Bd3 Bg7 9. f4 d6 10. O-O dxe5 11. fxe5 Qb6 12. Qxb6 axb6 13. Re1 Bd7 14. a3 b5
15. b3 O-O 16. Bb2 Rfc8 17. Nd2 Bf5 18. Ne4 Bxe4 19. Bxe4 e6 20. Bd3 Bf8 21. c4
bxc4 22. Bxc4 Bc5+ 23. Kh1 Ne3 24. Rec1 Bb6 25. Be2 Rab8 26. Bf3 Nd5 27. Ra2
Be3 28. Rc2 Rxb3 29. g3 Rcb8 30. a4 Nb4 31. Ba3 Nxc2 32. Rxc2 Rxa3 33. Rxc6
Rxa4 34. Rc2 g5 35. Re2 Bc5 36. Kg2 g4 37. Bc6 Ra1 0-1

[Event "23. Torneo San Viator"]
[Site "Madrid ESP"]
[Date "2014.10.12"]
[Round "3.42"]
[White "Dominguez Afonso, Ayraldo"]
[Black "Garcia Martin, Esteban"]
[Result "0-1"]
[WhiteElo "1571"]
[BlackElo "1917"]
[PlyCount "110"]
[EventDate "2014.09.28"]
[EventType "swiss"]
[EventRounds "9"]
[EventCountry "ESP"]
[SourceTitle "Ajedrez en Madrid"]
[Source "lmi"]
[SourceDate "2014.09.28"]
[SourceVersion "1"]
[SourceVersionDate "2014.12.18"]
[SourceQuality "1"]

1. e4 c5 2. Nf3 d6 3. d4 cxd4 4. Nxd4 Nf6 5. Nc3 g6 6. Be3 Bg7 7. f3 O-O 8. Qd2
Nc6 9. Bc4 Bd7 10. O-O-O Ne5 11. Bb3 Qa5 12. Kb1 Rfc8 13. h4 Nc4 14. Bxc4 Rxc4
15. g4 h5 16. gxh5 Nxh5 17. Nd5 Qxd2 18. Rxd2 Re8 19. f4 Ng3 20. Rg1 Nxe4 21.
Rdd1 e6 22. Nc3 Rxc3 23. bxc3 Nxc3+ 24. Kc1 Nxd1 25. Kxd1 e5 26. fxe5 Rxe5 27.
Kd2 Re4 28. Nf3 Bf5 29. h5 Rc4 30. Ne1 Bc3+ 31. Ke2 Bd4 32. Bxd4 Rxd4 33. Nd3
Ra4 34. hxg6 fxg6 35. a3 Kf7 36. Nb2 Rh4 37. Nd3 Rh2+ 38. Nf2 Bxc2 39. Rc1 Be4
40. Rc7+ Ke6 41. Ke3 Bc6 42. Nd3 Rh3+ 43. Kd4 Rh4+ 44. Kc3 a5 45. Kc2 g5 46.
Rg7 Kf6 47. Rg8 Rh2+ 48. Kc3 Rh3 49. Kd2 Rh2+ 50. Kc3 Ra2 51. Rf8+ Ke7 52. Rg8
Rxa3+ 53. Kd4 Ra4+ 54. Ke3 Re4+ 55. Kf2 g4 0-1

[Event "23. Torneo San Viator"]
[Site "Madrid ESP"]
[Date "2014.10.12"]
[Round "3.43"]
[White "Perez Ordonez, Jose Ramon"]
[Black "Barahona Torrijos, Angel"]
[Result "1-0"]
[WhiteElo "1513"]
[BlackElo "1845"]
[PlyCount "57"]
[EventDate "2014.09.28"]
[EventType "swiss"]
[EventRounds "9"]
[EventCountry "ESP"]
[SourceTitle "Ajedrez en Madrid"]
[Source "lmi"]
[SourceDate "2014.09.28"]
[SourceVersion "1"]
[SourceVersionDate "2014.12.18"]
[SourceQuality "1"]

1. d4 Nf6 2. c4 e6 3. Nc3 d5 4. cxd5 exd5 5. Bg5 Be7 6. Qc2 h6 7. Bh4 O-O 8. e3
c6 9. Bd3 Ne8 10. Bxe7 Qxe7 11. Nge2 Nd6 12. O-O Nd7 13. Rab1 Nf6 14. Nd1 g6
15. Re1 Nfe4 16. f3 Ng5 17. Nec3 Nf5 18. Bxf5 Bxf5 19. e4 Rfe8 20. Nf2 Rad8 21.
h4 dxe4 22. fxe4 Nxe4 23. Ncxe4 Rxd4 24. Nf6+ Qxf6 25. Rxe8+ Kg7 26. Qc5 Rd6
27. Rbe1 b6 28. Qe5 Rd2 29. Rg8+ 1-0

[Event "23. Torneo San Viator"]
[Site "Madrid ESP"]
[Date "2014.10.12"]
[Round "3.44"]
[White "Ore Leon, Gustavo"]
[Black "Martin Rodriguez, Jose Luis"]
[Result "1-0"]
[WhiteElo "1785"]
[BlackElo "1430"]
[PlyCount "89"]
[EventDate "2014.09.28"]
[EventType "swiss"]
[EventRounds "9"]
[EventCountry "ESP"]
[SourceTitle "Ajedrez en Madrid"]
[Source "lmi"]
[SourceDate "2014.09.28"]
[SourceVersion "1"]
[SourceVersionDate "2014.12.18"]
[SourceQuality "1"]

1. Nf3 Nf6 2. d3 d5 3. g3 e6 4. Bg2 Nc6 5. O-O Be7 6. Nbd2 Bd7 7. Re1 O-O 8. e4
dxe4 9. Nxe4 h6 10. h4 e5 11. c3 Bg4 12. Qe2 Qd7 13. Nxf6+ Bxf6 14. Be3 Rad8
15. Rad1 Qe6 16. Bc5 Rfe8 17. a4 a6 18. Qe3 Qb3 19. Qe4 h5 20. Ba3 Be7 21. Bxe7
Rxe7 22. Rd2 f5 23. Qe3 Qxa4 24. Ng5 f4 25. Qc5 Ree8 26. Bd5+ Rxd5 27. Qxd5+
Kh8 28. b3 Qb5 29. Qxb5 axb5 30. gxf4 Rf8 31. fxe5 Bf3 32. d4 Bd5 33. e6 Rf4
34. e7 Nxe7 35. Rxe7 Kg8 36. Re8+ Rf8 37. Rxf8+ Kxf8 38. Rb2 Ke7 39. Kh2 Kd6
40. Kg3 b6 41. Kf4 g6 42. Nf3 c5 43. dxc5+ bxc5 44. Rd2 Ke6 45. Ng5+ 1-0

[Event "23. Torneo San Viator"]
[Site "Madrid ESP"]
[Date "2014.10.12"]
[Round "3.45"]
[White "Munoz Cebey, Ricardo"]
[Black "Mosteiro Montoro, Alvaro"]
[Result "1-0"]
[WhiteElo "1779"]
[BlackElo "1586"]
[PlyCount "105"]
[EventDate "2014.09.28"]
[EventType "swiss"]
[EventRounds "9"]
[EventCountry "ESP"]
[SourceTitle "Ajedrez en Madrid"]
[Source "lmi"]
[SourceDate "2014.09.28"]
[SourceVersion "1"]
[SourceVersionDate "2014.12.18"]
[SourceQuality "1"]

1. c4 c6 2. Nf3 d5 3. b3 Nf6 4. g3 g6 5. Bb2 Bg7 6. Bg2 O-O 7. O-O Nbd7 8. e3
Re8 9. cxd5 cxd5 10. d4 Ne4 11. Nc3 Nxc3 12. Bxc3 Nf6 13. Rc1 Bg4 14. h3 Bd7
15. Ne5 e6 16. Qd3 a6 17. Nxd7 Nxd7 18. Rc2 Nf6 19. Rfc1 Qd7 20. Ba5 b5 21. Rc7
Qd6 22. Qd2 Bf8 23. b4 Ne4 24. Qd3 Bg7 25. R1c6 Qf8 26. Bxe4 dxe4 27. Qxe4 Rec8
28. Rxc8 Rxc8 29. Rxa6 Qe8 30. Ra7 e5 31. dxe5 Bxe5 32. Bb6 Qe6 33. Bc5 Re8 34.
Ra8 Rxa8 35. Qxa8+ Kg7 36. Kg2 h5 37. h4 Qc4 38. Kf3 Qg4+ 39. Kg2 Qc4 40. e4
Bf6 41. Bf8+ Kh7 42. Qd5 Kg8 43. Bc5 Bc3 44. Kf3 Bb2 45. Qxc4 bxc4 46. Ke2 f6
47. a4 Kf7 48. a5 Be5 49. a6 Bb8 50. a7 Bxa7 51. Bxa7 Ke7 52. Kd2 Kd7 53. Kc3
1-0

[Event "23. Torneo San Viator"]
[Site "Madrid ESP"]
[Date "2014.10.12"]
[Round "3.46"]
[White "Del Noval Perez, Jeronimo"]
[Black "Rendo Quindos, Pedro"]
[Result "0-1"]
[WhiteElo "1448"]
[BlackElo "1657"]
[PlyCount "142"]
[EventDate "2014.09.28"]
[EventType "swiss"]
[EventRounds "9"]
[EventCountry "ESP"]
[SourceTitle "Ajedrez en Madrid"]
[Source "lmi"]
[SourceDate "2014.09.28"]
[SourceVersion "1"]
[SourceVersionDate "2014.12.18"]
[SourceQuality "1"]

1. e4 c5 2. Nf3 Nc6 3. d4 cxd4 4. Nxd4 Nf6 5. Nc3 d6 6. Bg5 h6 7. Bh4 a6 8. Bc4
e6 9. O-O Be7 10. Re1 O-O 11. e5 Nxe5 12. Bb3 Nc6 13. Nxc6 bxc6 14. Qf3 d5 15.
Rad1 Bb7 16. Ne2 Nh7 17. Bg3 Bd6 18. c3 Bxg3 19. Qxg3 Qg5 20. Qd3 c5 21. Bc2 g6
22. f4 Qe7 23. Ng3 Bc6 24. a4 c4 25. Qd4 Qa7 26. h4 Qxd4+ 27. Rxd4 Rab8 28. Rb1
h5 29. b3 cxb3 30. Rxb3 Rxb3 31. Bxb3 Rb8 32. Rb4 Rb7 33. Rxb7 Bxb7 34. a5 Nf6
35. Bd1 Nd7 36. Ne2 f6 37. Bc2 Kf7 38. g3 Nc5 39. Kf2 Bc6 40. Nd4 Bd7 41. Ke3
e5 42. fxe5 fxe5 43. Nf3 Kf6 44. Nd2 Ba4 45. Bb1 Nb7 46. Ba2 d4+ 47. cxd4 exd4+
48. Kxd4 Nxa5 49. Nc4 Nxc4 50. Bxc4 Bb5 51. Bb3 a5 52. Bd1 a4 53. g4 hxg4 54.
Bxg4 a3 55. Kc3 a2 56. Kb2 Bc4 57. Bf3 Ke5 58. h5 g5 59. h6 Kf6 60. h7 Kg7 61.
Be4 g4 62. Bf5 g3 63. Be4 Bd3 64. Bd5 Bb1 65. Bg2 Kxh7 66. Ka1 Kh6 67. Kb2 Kg5
68. Ka1 Kf4 69. Kb2 Ke3 70. Bh3 Kf2 71. Ka1 Bf5 0-1

[Event "23. Torneo San Viator"]
[Site "Madrid ESP"]
[Date "2014.10.12"]
[Round "3.47"]
[White "Benitez Cadenas, Luis Miguel"]
[Black "Garcia Rojas, Juan Carlos"]
[Result "1-0"]
[WhiteElo "1638"]
[BlackElo "1562"]
[PlyCount "107"]
[EventDate "2014.09.28"]
[EventType "swiss"]
[EventRounds "9"]
[EventCountry "ESP"]
[SourceTitle "Ajedrez en Madrid"]
[Source "lmi"]
[SourceDate "2014.09.28"]
[SourceVersion "1"]
[SourceVersionDate "2014.12.18"]
[SourceQuality "1"]

1. d4 d5 2. Nf3 e6 3. g3 Nf6 4. Bg2 Bd6 5. O-O O-O 6. c4 c6 7. Qc2 Nbd7 8. Nbd2
b6 9. e4 dxe4 10. Nxe4 Nxe4 11. Qxe4 Bb7 12. Ng5 Nf6 13. Qd3 g6 14. b3 e5 15.
Bb2 Re8 16. Rfe1 Nd7 17. Ne4 Bc7 18. Rad1 f5 19. Nd2 e4 20. Qc3 Qf6 21. Qc1
Rac8 22. Nf1 Qg7 23. f3 Nf6 24. fxe4 Nxe4 25. Nd2 c5 26. dxc5 Be5 27. Bxe5 Qxe5
28. Nxe4 Bxe4 29. cxb6 axb6 30. Bxe4 fxe4 31. Qa1 Qc7 32. Rd5 e3 33. Qd4 Rcd8
34. Rxd8 Rxd8 35. Qxe3 Qd6 36. Qe6+ Qxe6 37. Rxe6 Rd1+ 38. Kf2 Rd2+ 39. Re2 Rd6
40. Ke3 Kf7 41. Rd2 Re6+ 42. Kd3 Ke7 43. Re2 Rxe2 44. Kxe2 Ke6 45. Ke3 Ke5 46.
a4 h5 47. b4 g5 48. a5 bxa5 49. bxa5 Kd6 50. Ke4 h4 51. g4 Kc6 52. Kf5 Kb7 53.
Kxg5 h3 54. Kf6 1-0

[Event "23. Torneo San Viator"]
[Site "Madrid ESP"]
[Date "2014.10.12"]
[Round "3.48"]
[White "Callejas Torres, Alejandro"]
[Black "Diaz Del Prado, Carlos"]
[Result "1-0"]
[WhiteElo "1638"]
[BlackElo "1288"]
[PlyCount "45"]
[EventDate "2014.09.28"]
[EventType "swiss"]
[EventRounds "9"]
[EventCountry "ESP"]
[SourceTitle "Ajedrez en Madrid"]
[Source "lmi"]
[SourceDate "2014.09.28"]
[SourceVersion "1"]
[SourceVersionDate "2014.12.18"]
[SourceQuality "1"]

1. d4 Nf6 2. Nf3 g6 3. e3 Bg7 4. c4 d6 5. h3 O-O 6. Bd3 Nbd7 7. Nc3 e5 8. O-O
c6 9. d5 cxd5 10. cxd5 Nc5 11. e4 Nxd3 12. Qxd3 a6 13. Be3 b5 14. b4 Nh5 15. a4
Bd7 16. axb5 axb5 17. Nxb5 Rxa1 18. Rxa1 Bxb5 19. Qxb5 f5 20. Ng5 Qb8 21. Qd7
Rd8 22. Qe6+ Kh8 23. Nf7+ 1-0

[Event "23. Torneo San Viator"]
[Site "Madrid ESP"]
[Date "2014.10.12"]
[Round "3.50"]
[White "Enriquez Pastor, Jorge"]
[Black "Fogue Caro, David"]
[Result "1/2-1/2"]
[WhiteElo "1445"]
[BlackElo "1617"]
[PlyCount "111"]
[EventDate "2014.09.28"]
[EventType "swiss"]
[EventRounds "9"]
[EventCountry "ESP"]
[SourceTitle "Ajedrez en Madrid"]
[Source "lmi"]
[SourceDate "2014.09.28"]
[SourceVersion "1"]
[SourceVersionDate "2014.12.18"]
[SourceQuality "1"]

1. e4 c5 2. Nf3 e6 3. d4 cxd4 4. Nxd4 Nc6 5. Nc3 a6 6. Bc4 Qc7 7. Bb3 Nf6 8.
Bg5 Be7 9. f4 h6 10. Bh4 Qxf4 11. Bxf6 Qxf6 12. Nxc6 bxc6 13. Rf1 Qh4+ 14. g3
Qxh2 15. Qf3 Bd6 16. Qxf7+ Kd8 17. O-O-O Qxg3 18. Rxd6 Qxd6 19. Qxg7 Re8 20.
Qxh6 Bb7 21. Qg5+ Kc7 22. Rd1 Qe7 23. Qa5+ Kb8 24. Na4 Qd8 25. Qe5+ Qc7 26. Qd4
d5 27. exd5 exd5 28. Rg1 Qe7 29. c3 Qe3+ 30. Qxe3 Rxe3 31. Rg8+ Ka7 32. Rg7 Rb8
33. Nc5 Kb6 34. Nd7+ Ka7 35. Nxb8 Kxb8 36. Kd2 Rh3 37. Bc2 Ka7 38. Bf5 Rh2+ 39.
Kc1 Kb6 40. a3 a5 41. Kb1 Ba6 42. Rg1 Bc4 43. Kc1 Kc5 44. Rd1 Rf2 45. Bd3 Bb3
46. Rd2 Rf3 47. Bc2 Bc4 48. b3 Bb5 49. Kb2 Kb6 50. b4 axb4 51. axb4 Kc7 52. Bd1
Rd3 53. Kc2 Rxd2+ 54. Kxd2 Kd6 55. Ke3 Ke5 56. Bf3 1/2-1/2

[Event "23. Torneo San Viator"]
[Site "Madrid ESP"]
[Date "2014.10.12"]
[Round "3.51"]
[White "Sirera Andres, Dario"]
[Black "Mateos Cordero, Francisco"]
[Result "0-1"]
[WhiteElo "1370"]
[BlackElo "1611"]
[PlyCount "108"]
[EventDate "2014.09.28"]
[EventType "swiss"]
[EventRounds "9"]
[EventCountry "ESP"]
[SourceTitle "Ajedrez en Madrid"]
[Source "lmi"]
[SourceDate "2014.09.28"]
[SourceVersion "1"]
[SourceVersionDate "2014.12.18"]
[SourceQuality "1"]

1. e4 c5 2. Nc3 Nc6 3. f4 d6 4. Nf3 a6 5. Be2 g6 6. d3 Bg7 7. O-O Bg4 8. Qe1 e6
9. f5 exf5 10. Qg3 Bxf3 11. Bxf3 Nge7 12. Qh4 Qb6 13. exf5 Nxf5 14. Qg5 O-O 15.
Bxc6 bxc6 16. Qg4 c4+ 17. Kh1 Ne3 18. Bxe3 Qxe3 19. Rae1 Qb6 20. Qxc4 Qxb2 21.
Nd1 Qb5 22. Re4 d5 23. Qxb5 axb5 24. Re7 Rxa2 25. Rf2 b4 26. Rc7 c5 27. h3 b3
28. cxb3 Rxf2 29. Nxf2 Bd4 30. Ng4 h5 31. Nh2 Ra8 32. Nf3 Be3 33. g3 Rb8 34.
Rd7 d4 35. Rc7 Rxb3 36. Rxc5 Rxd3 37. Rc4 Rd1+ 38. Kg2 Kg7 39. Rc8 Rb1 40. Rd8
Rb2+ 41. Kf1 Rf2+ 42. Kg1 Rxf3+ 43. Kg2 Rf2+ 44. Kh1 Rd2 45. g4 hxg4 46. hxg4
g5 47. Rg8+ Kf6 48. Rg6+ Ke5 49. Re6+ Kf4 50. Rf6+ Kxg4 51. Re6 Kf3 52. Rf6+
Bf4 53. Re6 Rd1+ 54. Re1 Rxe1# 0-1

[Event "23. Torneo San Viator"]
[Site "Madrid ESP"]
[Date "2014.10.12"]
[Round "3.52"]
[White "Castro Uceda, Jose Antonio"]
[Black "Sanz Soriano, Ruben"]
[Result "1-0"]
[WhiteElo "1582"]
[BlackElo "1304"]
[PlyCount "123"]
[EventDate "2014.09.28"]
[EventType "swiss"]
[EventRounds "9"]
[EventCountry "ESP"]
[SourceTitle "Ajedrez en Madrid"]
[Source "lmi"]
[SourceDate "2014.09.28"]
[SourceVersion "1"]
[SourceVersionDate "2014.12.18"]
[SourceQuality "1"]

1. d4 Nf6 2. c4 g6 3. Nc3 Bg7 4. e4 d6 5. Nf3 Nbd7 6. Bd3 e5 7. d5 O-O 8. O-O
Nc5 9. h3 b6 10. Re1 Bb7 11. Bc2 c6 12. b4 Na6 13. dxc6 Bc8 14. Rb1 Qc7 15. Nd5
Nxd5 16. cxd5 f5 17. exf5 Bxf5 18. Bxf5 Rxf5 19. Ng5 Bh6 20. Ne6 Qf7 21. Bxh6
Rxf2 22. Rf1 Rxf1+ 23. Qxf1 Qxf1+ 24. Kxf1 Nb8 25. Rc1 Na6 26. c7 Rc8 27. a3
Nxc7 28. Rxc7 Rxc7 29. Nxc7 Kf7 30. Nb5 Ke7 31. Nxa7 e4 32. Be3 Kf6 33. Bxb6
Ke5 34. Nb5 Kxd5 35. Be3 Ke5 36. a4 Ke6 37. a5 Kd7 38. Nd4 Kc7 39. b5 Kb7 40.
Nc6 Ka8 41. a6 h5 42. Ne7 g5 43. Bxg5 d5 44. Nxd5 h4 45. Bxh4 e3 46. Nxe3 Ka7
47. g4 Kb6 48. g5 Kxb5 49. g6 Kxa6 50. g7 Kb5 51. g8=Q Kc5 52. Be7+ Kd4 53. h4
Kxe3 54. h5 Kf4 55. h6 Kf5 56. h7 Kf4 57. h8=Q Kf5 58. Ba3 Kf4 59. Qc8 Kg5 60.
Qcf8 Kg4 61. Qhg7+ Kh4 62. Qfh8# 1-0

[Event "23. Torneo San Viator"]
[Site "Madrid ESP"]
[Date "2014.10.12"]
[Round "3.54"]
[White "Olias Ruiz, Enrique"]
[Black "Lianes Garcia, Alicia"]
[Result "0-1"]
[WhiteElo "1212"]
[BlackElo "1346"]
[PlyCount "106"]
[EventDate "2014.09.28"]
[EventType "swiss"]
[EventRounds "9"]
[EventCountry "ESP"]
[SourceTitle "Ajedrez en Madrid"]
[Source "lmi"]
[SourceDate "2014.09.28"]
[SourceVersion "1"]
[SourceVersionDate "2014.12.18"]
[SourceQuality "1"]

1. b3 Nc6 2. e4 e5 3. Bc4 Nf6 4. Nc3 Bb4 5. Nd5 Nxe4 6. Qg4 Ng5 7. Nxc7+ Qxc7
8. Qxg5 O-O 9. c3 Be7 10. Qh5 g6 11. Qf3 Qd6 12. d3 Qf6 13. Bh6 Re8 14. Qd5 Qe6
15. Qf3 Qf6 16. Qg3 a6 17. Nf3 b5 18. Bd5 Bb7 19. O-O Bf8 20. Bg5 Qd6 21. c4
Qc7 22. Rfe1 d6 23. a4 bxa4 24. bxa4 Nb4 25. Bxb7 Qxb7 26. Rab1 a5 27. Nd2 Be7
28. Ne4 Bxg5 29. Nxd6 Qe7 30. Nxe8 Rxe8 31. Rxe5 Qxe5 32. Kf1 Qxg3 33. hxg3
Nxd3 34. f3 Bc1 35. Kg1 Re5 36. g4 Re1+ 37. Kh2 Nf2 38. Kg3 Bf4+ 39. Kxf2 Rxb1
40. g3 Bd6 41. f4 Rc1 42. g5 Rxc4 43. Kf3 Rxa4 44. Kg4 Ra3 45. Kh4 a4 46. Kg4
Rb3 47. f5 Rxg3+ 48. Kh4 Rg1 49. fxg6 a3 50. gxh7+ Kxh7 51. Kh5 a2 52. Kh4 a1=Q
53. Kh5 Qb2 0-1

[Event "23. Torneo San Viator"]
[Site "Madrid ESP"]
[Date "2014.10.19"]
[Round "4.1"]
[White "Soto Martin, Miguel"]
[Black "Elissalt Cardenas, Hector"]
[Result "1/2-1/2"]
[WhiteElo "1658"]
[BlackElo "2334"]
[PlyCount "50"]
[EventDate "2014.09.28"]
[EventType "swiss"]
[EventRounds "9"]
[EventCountry "ESP"]
[SourceTitle "Ajedrez en Madrid"]
[Source "lmi"]
[SourceDate "2014.09.28"]
[SourceVersion "1"]
[SourceVersionDate "2014.12.18"]
[SourceQuality "1"]

1. d4 d6 2. Nf3 Bg4 3. Nbd2 Nf6 4. g3 c6 5. Bg2 Nbd7 6. O-O e5 7. dxe5 dxe5 8.
Nc4 Qc7 9. Bg5 Ne4 10. Nfxe5 Nxg5 11. Nxg4 h5 12. Nge3 h4 13. Nf5 hxg3 14.
Ncd6+ Bxd6 15. Nxd6+ Kf8 16. hxg3 Nf6 17. Qd4 Ne6 18. Qb4 Rb8 19. Nb5+ Qe7 20.
Qxe7+ Kxe7 21. Nc3 Rh5 22. Bf3 Rc5 23. Rad1 g5 24. Rd2 g4 25. Bg2 Re5 1/2-1/2

[Event "23. Torneo San Viator"]
[Site "Madrid ESP"]
[Date "2014.10.19"]
[Round "4.2"]
[White "Renteria, Jorge"]
[Black "Soto Martin, Pablo"]
[Result "1-0"]
[WhiteElo "2313"]
[BlackElo "1781"]
[PlyCount "59"]
[EventDate "2014.09.28"]
[EventType "swiss"]
[EventRounds "9"]
[EventCountry "ESP"]
[SourceTitle "Ajedrez en Madrid"]
[Source "lmi"]
[SourceDate "2014.09.28"]
[SourceVersion "1"]
[SourceVersionDate "2014.12.18"]
[SourceQuality "1"]

1. e4 c5 2. Nf3 e6 3. d4 cxd4 4. Nxd4 a6 5. Nc3 Qc7 6. g3 Nf6 7. Bg2 b5 8. O-O
Bb7 9. Re1 d6 10. a4 bxa4 11. Rxa4 Be7 12. h3 O-O 13. Nb3 Nbd7 14. Na5 Nc5 15.
Ra2 Rfd8 16. b4 Ncd7 17. Nxb7 Qxc3 18. Nxd8 Rxd8 19. Bd2 Qc4 20. Qb1 Rb8 21.
Bf1 Qd4 22. c3 Qe5 23. Rxa6 Nc5 24. Ra5 Bd8 25. Rxc5 dxc5 26. Bf4 Qxc3 27. Bxb8
cxb4 28. Rc1 Qd4 29. Rd1 Qb6 30. Ba7 1-0

[Event "23. Torneo San Viator"]
[Site "Madrid ESP"]
[Date "2014.10.19"]
[Round "4.3"]
[White "Lobato Rivero, Carlos"]
[Black "Unciti Juan, Javier"]
[Result "1-0"]
[WhiteElo "2009"]
[BlackElo "2106"]
[PlyCount "43"]
[EventDate "2014.09.28"]
[EventType "swiss"]
[EventRounds "9"]
[EventCountry "ESP"]
[SourceTitle "Ajedrez en Madrid"]
[Source "lmi"]
[SourceDate "2014.09.28"]
[SourceVersion "1"]
[SourceVersionDate "2014.12.18"]
[SourceQuality "1"]

1. e4 e6 2. d4 d5 3. e5 c5 4. c3 Nc6 5. Be3 cxd4 6. cxd4 Nge7 7. Bd3 Qb6 8. Qd2
Nb4 9. Be2 Nf5 10. Nf3 Bd7 11. Nc3 Be7 12. O-O Nxe3 13. fxe3 a5 14. a3 Na6 15.
Bd3 Bc6 16. Qf2 O-O 17. g4 Qd8 18. Qg3 f6 19. exf6 gxf6 20. Qh3 Rf7 21. Ng5 Qe8
22. Bxh7+ 1-0

[Event "23. Torneo San Viator"]
[Site "Madrid ESP"]
[Date "2014.10.19"]
[Round "4.5"]
[White "Escribano Serrano, Pedro"]
[Black "Algaba Traspuesto, Jose Antoni"]
[Result "1/2-1/2"]
[WhiteElo "1771"]
[BlackElo "1691"]
[PlyCount "68"]
[EventDate "2014.09.28"]
[EventType "swiss"]
[EventRounds "9"]
[EventCountry "ESP"]
[SourceTitle "Ajedrez en Madrid"]
[Source "lmi"]
[SourceDate "2014.09.28"]
[SourceVersion "1"]
[SourceVersionDate "2014.12.18"]
[SourceQuality "1"]

1. d4 Nf6 2. e3 g6 3. Bd3 Bg7 4. f4 O-O 5. Nf3 b6 6. O-O Ba6 7. c4 d6 8. Nc3 c5
9. d5 Bc8 10. e4 Na6 11. f5 Ng4 12. h3 Ne5 13. Nxe5 dxe5 14. Bg5 f6 15. Be3 g5
16. a3 Nc7 17. b4 Na6 18. bxc5 Nxc5 19. Bxc5 bxc5 20. Qc2 Qa5 21. Rfb1 Ba6 22.
Nb5 Rfb8 23. Rb2 Rb7 24. Qd2 Qxd2 25. Rxd2 Bxb5 26. cxb5 g4 27. hxg4 Bh6 28.
Rc2 Be3+ 29. Kf1 Bd4 30. Rb1 a6 31. Ra2 axb5 32. Rxb5 Rba7 33. Rb3 Rc7 34. Rc2
Rca7 1/2-1/2

[Event "23. Torneo San Viator"]
[Site "Madrid ESP"]
[Date "2014.10.19"]
[Round "4.6"]
[White "Martinez De Navascues, Francis"]
[Black "Tevar Becerra, Alvaro"]
[Result "1/2-1/2"]
[WhiteElo "1760"]
[BlackElo "1556"]
[PlyCount "112"]
[EventDate "2014.09.28"]
[EventType "swiss"]
[EventRounds "9"]
[EventCountry "ESP"]
[SourceTitle "Ajedrez en Madrid"]
[Source "lmi"]
[SourceDate "2014.09.28"]
[SourceVersion "1"]
[SourceVersionDate "2014.12.18"]
[SourceQuality "1"]

1. b3 e5 2. Bb2 Nc6 3. e3 Nf6 4. Bb5 d6 5. d4 exd4 6. Bxc6+ bxc6 7. Qxd4 Be7 8.
Nd2 Bd7 9. Ne2 O-O 10. h3 d5 11. Nf3 Re8 12. O-O-O a5 13. g4 Bf8 14. Ng3 Ne4
15. Nh5 Nxf2 16. Nxg7 Re4 17. Qc3 Nxd1 18. Rxd1 Bb4 19. Qd3 Qe7 20. Nh5 Ba3 21.
Nf6+ Kf8 22. Nxd7+ Ke8 23. Bxa3 Qxa3+ 24. Kb1 Qe7 25. Nde5 Rxe5 26. Nxe5 Qxe5
27. Qxh7 Ke7 28. Rf1 Rf8 29. Qh4+ f6 30. Qe1 Ra8 31. Rf5 Qe6 32. Qc3 a4 33.
Qc5+ Kd7 34. Rh5 Qe4 35. Kb2 axb3 36. axb3 Re8 37. Qd4 Re6 38. Qc5 Re7 39. Qd4
Re6 40. b4 Qxe3 41. Rh7+ Kd6 42. Qxe3 Rxe3 43. c3 Rg3 44. Rf7 Ke5 45. Rxc7 Rxh3
46. Rxc6 Rg3 47. b5 Rxg4 48. b6 Rg8 49. b7 Rb8 50. Rc7 f5 51. Kc2 Kd6 52. Rf7
Kc6 53. Rf6+ Kc5 54. Rf7 Kc6 55. Kd3 Rxb7 56. Rxf5 Rb1 1/2-1/2